Kinh tế đầu tư T.1
Trình bày vai trò và nội dung của kinh tế đầu tư; những vấn đề mở đầu có liên quan đến đầu tư. Đề cập đến phương pháp lập và đánh giá các dự án đầu tư; các phương pháp đánh giá, các phương án kỹ thuật về mặt kinh tế; nội dung của dự án đầu tư và hồ sơ của dự án...
Đã lưu trong:
| Tác giả chính: | |
|---|---|
| Định dạng: | Sách |
| Năm xuất bản: |
H.
Thống kê
2001
|
| Chủ đề: | |
| Tags: |
Thêm thẻ
Không có thẻ, Hãy là người đầu tiên gắn thẻ bản ghi này!
|
| LEADER | 01037nam a2200169 4500 | ||
|---|---|---|---|
| 082 | |a 332.6 |b NG527V | ||
| 100 | |a Nguyễn Văn Chọn | ||
| 245 | |a Kinh tế đầu tư |c Nguyễn Văn Chọn |n T.1 | ||
| 260 | |a H. |b Thống kê |c 2001 | ||
| 300 | |a 268 tr. |c 21 cm | ||
| 520 | |a Trình bày vai trò và nội dung của kinh tế đầu tư; những vấn đề mở đầu có liên quan đến đầu tư. Đề cập đến phương pháp lập và đánh giá các dự án đầu tư; các phương pháp đánh giá, các phương án kỹ thuật về mặt kinh tế; nội dung của dự án đầu tư và hồ sơ của dự án | ||
| 653 | |a kinh tế | ||
| 653 | |a kinh tế đầu tư | ||
| 942 | |2 ddc |c STK0 | ||
| 999 | |c 9315 |d 9315 | ||
| 952 | |0 0 |1 0 |2 ddc |4 0 |6 332_600000000000000_NG527V |7 0 |8 300 |9 74728 |a qbu |b qbu |c D2 |d 2015-05-08 |g 20000 |o 332.6 NG527V |p 9278.c1 |r 0000-00-00 |w 2015-05-08 |y STK0 | ||
| 952 | |0 0 |1 0 |2 ddc |4 0 |6 332_600000000000000_NG527V |7 0 |8 300 |9 74729 |a qbu |b qbu |c D2 |d 2015-05-08 |g 20000 |o 332.6 NG527V |p 9278.c2 |r 0000-00-00 |w 2015-05-08 |y STK0 | ||